000 00565nam a2200193 a 4500
005 20140310183514.0
008 110105s19uu xx 00 eng d
020 _a9780763752804
050 _aRC 553.A88
_b.Ol455 2010
100 _aOller, John
245 _aAutism :
_bthe diagnosis , treatment, & etiology of the undeniable epidemic /
260 _aBoston :
_bJones and Bartlett Pub.,iNC,
_c2010.
300 _a456 p. :
_c25 cm.
650 _aAutisim.
650 _aAutism-Treatment.
700 _aStephen Oller
942 _cBK
_2lcc
_kFOR
999 _c24258
_d24258